Fundamentals of Electronic Image Processing (Record no. 31530)

MARC details
000 -LEADER
fixed length control field 00418nam a2200169Ia 4500
008 - FIXED-LENGTH DATA ELEMENTS--GENERAL INFORMATION
fixed length control field 230524s9999 xx 000 0 und d
020 ## - INTERNATIONAL STANDARD BOOK NUMBER
ISBN 8120324080
082 ## - DEWEY DECIMAL CLASSIFICATION NUMBER
Classification number 621.382
Item number WEE
100 ## - MAIN ENTRY--AUTHOR NAME
Personal name Arthur R Weeks
245 #0 - TITLE STATEMENT
Title Fundamentals of Electronic Image Processing
250 ## - EDITION STATEMENT
Edition statement 1ST
260 ## - PUBLICATION, DISTRIBUTION, ETC. (IMPRINT)
Place of publication NEW DELHI
Name of publisher PHI
Year of publication 2005
300 ## - PHYSICAL DESCRIPTION
Number of Pages IX;557
500 ## - GENERAL NOTE
General note Quantity Number: 4
650 ## - SUBJECT ADDED ENTRY--TOPICAL TERM
Topical Term Electronics
942 ## - ADDED ENTRY ELEMENTS (KOHA)
Koha item type Books
Holdings
Lost status Damaged status Permanent Location Current Location Shelving location Date acquired Full call number Accession Number Koha item type
    Central Library, Trident Academy of Technology Central Library, Trident Academy of Technology General Stacks 05/24/2023 621.382 WEE 8800 Books
    Central Library, Trident Academy of Technology Central Library, Trident Academy of Technology General Stacks 05/24/2023 621.382 WEE 9245 Books
    Central Library, Trident Academy of Technology Central Library, Trident Academy of Technology General Stacks 05/24/2023 621.382 WEE 26664 Books
    Central Library, Trident Academy of Technology Central Library, Trident Academy of Technology General Stacks 05/24/2023 621.382 WEE 26665 Books
Trident Academy of Technology © 2023.
All rights reserved.                                                                                                                                                                                                        Designed by Team of Central Library .

Powered by Koha